Influencer marketing a jeho vplyv na spotrebiteľov generácie Z bakalárska práca

Salvato in:
Dettagli Bibliografici
Autore principale: Čupka, Peter
Ente Autore: Obchodná fakulta EU. Katedra marketingu
Altri autori: Hlavatý, Ivan, 1978-
Natura: Libro
Lingua:slovacco
Pubblicazione: Bratislava 2025
Tags: Aggiungi Tag
Nessun Tag, puoi essere il primo ad aggiungerne!!

MARC

LEADER 00000nbm a2200000 4500
001 0311134
005 20251031123500.3
041 0 |a slo 
044 |a SK 
245 1 0 |a Influencer marketing a jeho vplyv na spotrebiteľov generácie Z  |b bakalárska práca  |c Peter Čupka ; školiteľ: Ivan Hlavatý 
264 1 |a Bratislava  |c 2025 
300 |a 59 s. 
100 1 |a Čupka, Peter 
700 1 |a Hlavatý, Ivan, 1978- 
710 2 |a Obchodná fakulta EU. Katedra marketingu